Máme šance uspieť v Európe?

V apríli 2004 sa konala medzinárodná konferencia o obchode a marketingu Slovak Retail Summit - INTRACO 2004 - definovanie hlavných plusov a mínusov účasti Slovenska v EÚ. Cieľ - priniesť účastníkom informácie potrebné pre ďalšie obchodné aktivity v širšom európskom priestore. Skúsenosti Rakúska. Dôr...

Descrizione completa

Salvato in:
Dettagli Bibliografici
Natura: Capitolo di libro
Lingua:slovacco
Soggetti:
Tags: Aggiungi Tag
Nessun Tag, puoi essere il primo ad aggiungerne!!

MARC

LEADER 00000naa$a2200000$$$4500
001 0008477
005 20231005104322.5
041 0 |a slo 
044 |a SK 
245 1 0 |a Máme šance uspieť v Európe? 
520 |a V apríli 2004 sa konala medzinárodná konferencia o obchode a marketingu Slovak Retail Summit - INTRACO 2004 - definovanie hlavných plusov a mínusov účasti Slovenska v EÚ. Cieľ - priniesť účastníkom informácie potrebné pre ďalšie obchodné aktivity v širšom európskom priestore. Skúsenosti Rakúska. Dôraz na vedomostnú ekonomiku. Dopady a perspektívy vstupu SR do EÚ. Záujem o slovenský trh. 
610 2 0 |a konferencie 
610 2 0 |a obchod 
610 2 0 |a marketing 
610 2 0 |a ekonomika vedomostná 
610 2 0 |a Slovensko 
610 2 0 |a Európska únia 
610 2 0 |a 2004